Teória a metodológia programových a dátabázových systémov

Uložené v:
Podrobná bibliografia
Médium: Kniha
Jazyk:Slovak
Vydavateľské údaje: Bratislava Výskumný výpočtové stredisko 1982
Edícia:Výskumné práce č. 217
Tagy: Pridať tag
Žiadne tagy, Buďte prvý, kto otaguje tento záznam!

MARC

LEADER 00000nam a2200000 4500
001 c135055
005 20181203150505.3
041 0 |a slo 
044 |a SK 
245 1 0 |a Teória a metodológia programových a dátabázových systémov 
264 1 |a Bratislava  |b Výskumný výpočtové stredisko  |c 1982 
300 |a 145 s. 
490 1 |a Výskumné práce  |v č. 217 
830 0 |a Výskumné práce  |v č. 217